Open Data Biblioteca Nacional de Portugal


República Portuguesa: Ministério da Cultura
Biblioteca Nacional de Portugal

Catálogo da BNP: acesso por Identificadores Unívocos
Registos Bibliográficos associados ao registo de autoridade

Etiqueta de registo: 00000nkm 2200025 450
001 2261462
003 http://id.bnportugal.gov.pt/bib/catbnp/2261462
100 ## $a20260205d1987 m y0pory01030103ba
101 0# $apor
102 ## $aPT
200 1# $aPortucel, Centro Fabril Cacia, XI Aniversário, espectáculo dedicado à cidade de Aveiro, dia 11-7-87 e dia 12-7-87$bVisual gráfico]$fPortucel$gCartaz de Jeremias Bandarra
210 #9 $aCacia$cPortucel,$d1987$e[S.l.] :$gLitoagueda )
215 ## $a1 cartaz$ccolor.$d67,5x47,8 cm
317 ## $aColeção Madeira Luís
675 ## $a766(=1:469)"198"(084.5)$vBN$zpor$31302430
702 #1 $aBandarra,$bJeremias,$f1936-$4410$311487
710 02 $aAniversário Portucel,$d11,$eCacia,$f1987$31993762
712 02 $aPortucel$337138
801 #0 $aPT$bBN$gRPC
966 ## $lBN$mICONOG$sCT. 19702 A.$x3
971 ## $cCaticonografia9$d20260205
995 ## $aPRR2026 $d20260205$iCaticonografia9

OpendataBNP@bnportugal.pt | Mais informação sobre acesso aos dados BNP